[Event "France (championnat accession)"]
[Site "?"]
[Date "2004.08.20"]
[Round "4.13"]
[White "Cornette Matthieu"]
[Black "Ouakhir Mehdi"]
[Result "0-1"]
[WhiteElo "2393"]
[BlackElo "2244"]
[PlyCount "72"]
[EventDate "2004.??.??"]
[Source "www.chesslib.no"]
[SourceDate "2004.05.04"]

1. e4 e5 2. Nf3 Nc6 3. Bc4 Bc5 4. b4 Bxb4 5. c3 Ba5 6. d4 exd4 7. O-O Nge7 8. Ng5 d5 9. exd5 Ne5 10. Bb3 O-O 11. Re1 N5g6 12. d6 cxd6 13. Qh5 h6 14. Nf3 Ne5 15. Nxe5 dxe5 16. Qxe5 Nc6 17. Qf4 Qd7 18. Ba3 Bc7 19. Qf3 Bd6 20. Bb2 Ne5 21. Qe4 Qf5 22. cxd4 Nd3 23. Qxf5 Bxf5 24. Re2 Nxb2 25. Rxb2 Rac8 26. Nd2 Ba3 27. Rbb1 Bxb1 28. Rxb1 Rc1+ 29. Rxc1 Bxc1 30. Ne4 Re8 31. Ng3 Re1+ 32. Nf1 b5 33. g3 a5 34. Kg2 a4 35. Bd5 b4 36. Bc4 Rd1 0-1

[Event "op Oberwart"]
[Site "?"]
[Date "2003.??.??"]
[Round "5.27"]
[White "Neulinger Manfred"]
[Black "Hiermann Dietmar"]
[Result "0-1"]
[WhiteElo "2381"]
[BlackElo "2256"]
[PlyCount "90"]
[EventDate "2003.??.??"]
[Source "www.chesslib.no"]
[SourceDate "2004.05.04"]

1. e4 e5 2. Bc4 Bc5 3. Nf3 Nc6 4. b4 Bxb4 5. c3 Ba5 6. d4 exd4 7. Qb3 Qe7 8. O-O dxc3 9. Ba3 Bb4 10. Bxb4 Qxb4 11. Bxf7+ Kf8 12. Bxg8 Rxg8 13. Qd5 g6 14. Rc1 Qe7 15. Nxc3 d6 16. Qd2 Be6 17. Rab1 Rb8 18. Nd5 Bxd5 19. exd5 Nd8 20. h4 Rg7 21. Re1 Qd7 22. Rb4 c5 23. Rf4+ Nf7 24. Ng5 Kg8 25. Ne6 Ne5 26. Nxg7 Qxg7 27. Rfe4 Rf8 28. Qe2 a6 29. f4 Nf7 30. h5 b5 31. a4 gxh5 32. axb5 axb5 33. Qxb5 Nh6 34. Qd3 Nf5 35. Re8 Nd4 36. Qe4 Qf7 37. Rxf8+ Kxf8 38. Rb1 Qa7 39. Kh2 Qc7 40. Qd3 Qd8 41. Qh3 Qf6 42. Qc8+ Kg7 43. Qd7+ Kh6 44. Rf1 Qh4+ 45. Kg1 Ne2# 0-1

[Event "MK Cafe Cup-B"]
[Site "Koszalin"]
[Date "1999.08.06"]
[Round "4"]
[White "Raudive, Aivars"]
[Black "Kislov, Mikhail"]
[Result "1-0"]
[WhiteElo "2240"]
[BlackElo "2387"]
[PlyCount "61"]
[EventDate "1999.08.03"]
[Source "www.chesslib.no"]
[SourceDate "2004.05.04"]

1. e4 e5 2. Nf3 Nc6 3. Bc4 Bc5 4. b4 Bxb4 5. c3 Ba5 6. d4 exd4 7. Qb3 Qe7 8. O-O Bb6 9. cxd4 Na5 10. Qa4 Nxc4 11. Qxc4 d6 12. a4 a5 13. e5 dxe5 14. Re1 c6 15. Rxe5 Be6 16. d5 O-O-O 17. dxe6 Rd1+ 18. Re1 Rxe1+ 19. Nxe1 Qf6 20. Ra2 fxe6 21. Nc3 Ne7 22. Ne4 Qe5 23. Rd2 Nd5 24. Bb2 Qc7 25. Nf3 Rd8 26. Neg5 Nf4 27. Nxe6 Rxd2 28. Nxd2 Qd6 29. Qxf4 Qxe6 30. Qf8+ Bd8 31. Bxg7 1-0

[Event "Ciego de Avila"]
[Site "Ciego de Avila"]
[Date "1996.??.??"]
[Round "3"]
[White "Ribeiro, Fernando"]
[Black "Rios Parra, Alejandro"]
[Result "0-1"]
[WhiteElo "2285"]
[BlackElo "2335"]
[PlyCount "160"]
[EventDate "1996.11.01"]
[Source "ChessBase"]

1. e4 e5 2. Nf3 Nc6 3. Bc4 Bc5 4. b4 Bxb4 5. c3 Ba5 6. d4 exd4 7. O-O d6 8. Qb3 Qe7 9. cxd4 Bb6 10. Bb5 Bd7 11. Nc3 O-O-O 12. Bxc6 Bxc6 13. a4 a5 14. d5 Bd7 15. Rb1 Bg4 16. Nd2 Nf6 17. Nc4 Nd7 18. Be3 Kb8 19. Nxa5 Nc5 20. Bxc5 dxc5 21. Nc4 Bc8 22. d6 Rxd6 23. Nd5 Rxd5 24. exd5 Ba7 25. Na5 Bb6 26. Nc4 Ba7 27. Na5 Bb6 28. Nxb7 c4 29. Na5 cxb3 30. Nc6+ Ka8 31. Nxe7 Ba6 32. Rfe1 Re8 33. Nc6 Rxe1+ 34. Rxe1 Bc4 35. a5 Ba7 36. a6 Bxa6 37. Re8+ Kb7 38. Na5+ Kb6 39. Nxb3 Bc4 40. Nd4 Bxd5 41. Nf5 g6 42. Ne3 Be6 43. Kf1 c5 44. Ke2 Kb5 45. Kd3 Bb6 46. Rb8 Kc6 47. h4 Bc7 48. Ra8 Kb5 49. Ra1 Bd8 50. Rb1+ Kc6 51. g3 c4+ 52. Ke4 Kc5 53. h5 Bf6 54. f4 Bd7 55. hxg6 hxg6 56. Kf3 Bc6+ 57. Ke2 Bb5 58. Kd2 Bd4 59. Nd1 Bc6 60. Rc1 f5 61. Rb1 Bg1 62. Ne3 Bf2 63. Rc1 Bb5 64. g4 Bxe3+ 65. Kxe3 fxg4 66. Rd1 Bc6 67. Ra1 Bd7 68. Rc1 Bf5 69. Ra1 Kd5 70. Rd1+ Kc5 71. Rc1 Bc8 72. Rg1 Be6 73. Rc1 Bf5 74. Rc3 g3 75. Kd2 Bd3 76. Ke3 g2 77. Kf2 Kb4 78. Rc1 Be4 79. Rg1 Kc3 80. Ke3 Bb7 0-1

[Event "Buenos Aires TB"]
[Site "Buenos Aires ARG"]
[Date "1989.??.??"]
[Round "?"]
[White "Bianchi, Guillermo"]
[Black "Cortes Moyano, Julio"]
[Result "0-1"]
[WhiteElo "2330"]
[BlackElo "2285"]
[PlyCount "90"]
[EventDate "1989.??.??"]
[Source "www.chesslib.no"]
[SourceDate "2004.05.04"]

1. e4 e5 2. Nf3 Nc6 3. Bc4 Bc5 4. b4 Bxb4 5. c3 Ba5 6. d4 exd4 7. O-O d6 8. Qb3 Qf6 9. e5 dxe5 10. Re1 Nh6 11. Bg5 Qf5 12. Bxh6 gxh6 13. Bxf7+ Qxf7 14. Nxe5 Qxb3 15. axb3 O-O 16. Nxc6 Bxc3 17. Ne7+ Kf7 18. Nxc3 dxc3 19. Nd5 Be6 20. Nxc7 Bf5 21. Ra5 Bg6 22. Nxa8 Rxa8 23. f4 b6 24. Rd5 c2 25. f5 Bh5 26. Rc1 Bd1 27. Rdxd1 cxd1=Q+ 28. Rxd1 Kf6 29. Rd6+ Kxf5 30. Rxh6 Rh8 31. h4 Ke5 32. Rc6 Kd5 33. Rc7 a5 34. g4 Rg8 35. Rc4 Re8 36. Rc3 Re4 37. Rg3 h5 38. g5 Rg4 39. Rxg4 hxg4 40. h5 Ke6 41. Kf2 b5 42. Kg3 a4 43. bxa4 bxa4 44. h6 Kf7 45. Kxg4 Kg6 0-1

[Event "ch-Euro Rapid Women"]
[Site "Predeal ROM"]
[Date "2007.08.08"]
[Round "1"]
[White "Muzychuk, A."]
[Black "Gutierrez Castillo, P."]
[Result "1-0"]
[WhiteElo "2456"]
[BlackElo "2131"]
[PlyCount "37"]
[EventDate "2007.08.08"]
[Source "www.chesslib.no"]
[SourceDate "2004.05.04"]

1. e4 e5 2. Nf3 Nc6 3. Bc4 Bc5 4. b4 Bxb4 5. c3 Ba5 6. d4 exd4 7. O-O Nge7 8. cxd4 d5 9. exd5 Nxd5 10. Qb3 Be6 11. Ba3 Bb6 12. Nc3 Na5 13. Qa4+ c6 14. Bxd5 Bxd5 15. Rfe1+ Be6 16. d5 Qf6 17. Ne4 Qg6 18. Nd6+ Kd8 19. dxe6 1-0

[Event "Pola CRO"]
[Site "?"]
[Date "2005.06.26"]
[Round "9.16"]
[White "Zvan Ziga"]
[Black "Mikac Matjaz"]
[Result "0-1"]
[WhiteElo "2203"]
[BlackElo "2376"]
[PlyCount "82"]
[EventDate "2005.??.??"]
[Source "www.chesslib.no"]
[SourceDate "2004.05.04"]

1. e4 e5 2. Nf3 Nc6 3. Bc4 Bc5 4. b4 Bxb4 5. c3 Ba5 6. d4 exd4 7. O-O Nge7 8. Ng5 d5 9. exd5 Ne5 10. Qxd4 f6 11. Bb3 Bb6 12. Qa4+ Bd7 13. Ne6 Bxa4 14. Bxa4+ Qd7 15. Nxg7+ Kf7 16. Bxd7 Nxd7 17. Nh5 Ne5 18. d6 cxd6 19. Ba3 Nc4 20. Bc1 Rac8 21. Nd2 Nd5 22. Ne4 Rhe8 23. Nhg3 Re5 24. Be3 Ndxe3 25. fxe3 d5 26. Nxf6 Nxe3 27. Nxd5+ Nxf1+ 28. Nxb6 axb6 29. Rxf1+ Kg6 30. Rf3 Re1+ 31. Kf2 Ra1 32. Nf5 Rxa2+ 33. Kg3 Rc5 34. Nh4+ Kg7 35. Nf5+ Kf6 36. Nd6+ Ke6 37. Ne4 Re5 38. Rf6+ Ke7 39. Rf4 Ra8 40. Rh4 h5 41. Kf4 Rxe4+ 0-1

[Event "Budapest FS07 IM-B"]
[Site "Budapest"]
[Date "2000.07.12"]
[Round "12"]
[White "Rajlich, Vasik G"]
[Black "Cooke, Eric"]
[Result "1-0"]
[WhiteElo "2309"]
[BlackElo "2266"]
[PlyCount "63"]
[EventDate "2000.07.03"]
[Source "ChessBase"]
[SourceDate "2000.09.14"]

1. e4 e5 2. Nf3 Nc6 3. Bc4 Bc5 4. b4 Bxb4 5. c3 Ba5 6. d4 Qe7 7. O-O Bb6 8. Ba3 d6 9. Bb5 Bd7 10. Bxc6 Bxc6 11. Nxe5 Bb5 12. Re1 Nf6 13. Nf3 O-O-O 14. e5 Ng4 15. exd6 Qf6 16. dxc7 Bxc7 17. h3 h5 18. Nbd2 Bh2+ 19. Nxh2 Qxf2+ 20. Kh1 Qg3 21. Nxg4 hxg4 22. Ne4 Rxh3+ 23. gxh3 Qxh3+ 24. Kg1 Rh8 25. Bd6 Bc6 26. Qe2 Rh6 27. Qg2 Qh5 28. Bf4 Rh7 29. Rab1 g5 30. Nd6+ Kd7 31. Rxb7+ Kd8 32. Qxc6 1-0

[Event "Acropolis 2007"]
[Site "Athens"]
[Date "2007.08.14"]
[Round "1.33"]
[White "Pavlidis, Antonios"]
[Black "Papadopoulos, Ioannis"]
[Result "1/2-1/2"]
[WhiteElo "2175"]
[BlackElo "2395"]
[PlyCount "55"]
[EventDate "2007.08.14"]
[Source "www.chesslib.no"]
[SourceDate "2004.05.04"]

1. e4 e5 2. Nf3 Nc6 3. Bc4 Bc5 4. b4 Bxb4 5. c3 Ba5 6. d4 exd4 7. O-O d3 8. Qb3 Qf6 9. e5 Qg6 10. Ba3 Nge7 11. Nd4 d6 12. Nxc6 bxc6 13. Re1 Bb6 14. exd6 cxd6 15. Nd2 Bh3 16. Bxf7+ Qxf7 17. Ne4 Qxb3 18. Nxd6+ Kd7 19. axb3 Be6 20. Rad1 c5 21. Rxd3 Nd5 22. Nf5 g6 23. Ng7 Bf7 24. c4 Ba5 25. Red1 Rhg8 26. Bb2 g5 27. cxd5 Rab8 28. Ne6 1/2-1/2

[Event "Corr"]
[Site "?"]
[Date "2001.07.05"]
[Round "?"]
[White "Marcotulli Giancarlo"]
[Black "Maiorov Oleg Ivanovich"]
[Result "1/2-1/2"]
[WhiteElo "2155"]
[BlackElo "2388"]
[PlyCount "46"]
[EventDate "2001.??.??"]
[Source "www.chesslib.no"]
[SourceDate "2004.05.04"]

1. e4 e5 2. Nf3 Nc6 3. Bc4 Bc5 4. b4 Bxb4 5. c3 Ba5 6. d4 exd4 7. Nxd4 Nxd4 8. Qxd4 Qf6 9. e5 Qf5 10. Ba3 Bb6 11. Qh4 g5 12. Qg3 f6 13. exf6 Nxf6 14. Nd2 d5 15. Bd3 Nh5 16. Bxf5 Nxg3 17. Bxc8 Nxh1 18. Bxb7 Rb8 19. Bc6+ Kf7 20. Bxd5+ Kg7 21. Ne4 Rhe8 22. Kf1 Rbd8 23. Bb7 Rb8 1/2-1/2

[Event "Femida women"]
[Site "?"]
[Date "2005.10.18"]
[Round "3"]
[White "Kochetkova Julia"]
[Black "Cherednichenko Svetlana"]
[Result "1-0"]
[WhiteElo "2346"]
[BlackElo "2180"]
[PlyCount "69"]
[EventDate "2005.??.??"]
[Source "www.chesslib.no"]
[SourceDate "2004.05.04"]

1. e4 e5 2. Nf3 Nc6 3. Bc4 Bc5 4. b4 Bxb4 5. c3 Ba5 6. Qb3 Qe7 7. O-O Bb6 8. Ba3 d6 9. d4 Na5 10. Qa4+ Bd7 11. Bb5 f6 12. Rd1 O-O-O 13. Nbd2 Nh6 14. Bb4 Bxb5 15. Qxb5 Nc6 16. a4 a6 17. Qc4 g5 18. d5 Nb8 19. a5 Ba7 20. Rab1 Ng4 21. Rf1 Rhg8 22. Ba3 Nxf2 23. Rxf2 Bxf2+ 24. Kxf2 f5 25. Qb3 g4 26. Ne1 g3+ 27. hxg3 Qg5 28. Nf1 fxe4 29. Qxb7+ Kd7 30. Qb2 Rdf8+ 31. Kg1 Rg6 32. Qe2 Qf5 33. Nc2 e3 34. Nfxe3 Qe4 35. Rb4 1-0

[Event "CZE-chT2c 9596"]
[Site "Czech Republic"]
[Date "1996.??.??"]
[Round "8"]
[White "Novosak, Jiri"]
[Black "Sosna, Jan"]
[Result "0-1"]
[WhiteElo "2230"]
[BlackElo "2295"]
[PlyCount "88"]
[EventDate "1995.??.??"]
[Source "www.chesslib.no"]
[SourceDate "2004.05.04"]

1. e4 e5 2. Nf3 Nc6 3. Bc4 Bc5 4. b4 Bxb4 5. c3 Ba5 6. d4 exd4 7. O-O Nge7 8. Ng5 d5 9. exd5 Ne5 10. Qxd4 f6 11. Re1 Bb6 12. Qe4 Bf5 13. Qf4 Qd7 14. Ne6 Bxe6 15. dxe6 Qc6 16. Rxe5 Ng6 17. Bb5 Nxf4 18. Bxc6+ bxc6 19. Re4 O-O-O 20. Nd2 Nd3 21. Re2 Rhe8 22. Nf3 Nxf2 23. Be3 Nd3 24. Bxb6 axb6 25. Nd4 c5 26. e7 Rd7 27. Nf5 g6 28. Ng3 Rdxe7 29. Rxe7 Rxe7 30. Rd1 c4 31. Kf1 Re5 32. Ne2 Rf5+ 33. Kg1 Ra5 34. Rd2 Rb5 35. g3 Rb1+ 36. Kg2 c5 37. Kf3 Kc7 38. Ke3 b5 39. Rc2 g5 40. g4 Ne5 41. h3 Rh1 42. Ke4 Rxh3 43. Kf5 Rf3+ 44. Ke4 Rf2 0-1

[Event "Corr"]
[Site "?"]
[Date "2003.05.17"]
[Round "?"]
[White "Cehajic Mustafa"]
[Black "Turati Pierangelo"]
[Result "0-1"]
[WhiteElo "2122"]
[BlackElo "2387"]
[PlyCount "78"]
[EventDate "2003.??.??"]
[Source "www.chesslib.no"]
[SourceDate "2004.05.04"]

1. e4 e5 2. Nf3 Nc6 3. Bc4 Bc5 4. b4 Bxb4 5. c3 Ba5 6. d4 exd4 7. O-O Nge7 8. cxd4 d5 9. exd5 Nxd5 10. Ba3 Be6 11. Bb5 f6 12. Bxc6+ bxc6 13. Qa4 Bb6 14. Qxc6+ Kf7 15. Nbd2 Re8 16. Rfe1 Qd7 17. Qxd7+ Bxd7 18. Bc5 Nc3 19. Rxe8 Rxe8 20. h4 Rb8 21. Kh2 Bxc5 22. dxc5 Rb4 23. a3 Ra4 24. Kg1 Nb5 25. Kf1 Nxa3 26. Ke2 Bb5+ 27. Kd1 Nc4 28. Rxa4 Bxa4+ 29. Kc1 Nxd2 30. Kxd2 Ke6 31. Nd4+ Kd5 32. Ne2 Kxc5 33. Nf4 g6 34. Kc3 a5 35. g4 Kd6 36. h5 g5 37. Ng2 Bd7 38. Ne3 Be6 39. h6 Ke5 0-1

[Event "Russian Winter Open"]
[Site "Moscow RUS"]
[Date "1991.??.??"]
[Round "?"]
[White "Losev, Dmitry"]
[Black "Kadimova, Ilaha"]
[Result "1-0"]
[WhiteElo "2320"]
[BlackElo "2170"]
[PlyCount "59"]
[EventDate "1991.??.??"]
[Source "www.chesslib.no"]
[SourceDate "2004.05.04"]

1. e4 e5 2. Nf3 Nc6 3. Bc4 Bc5 4. b4 Bxb4 5. c3 Ba5 6. d4 exd4 7. O-O d3 8. Qb3 Qf6 9. e5 Qg6 10. Re1 Nge7 11. Nbd2 O-O 12. Ne4 d2 13. Bxd2 d5 14. exd6 cxd6 15. Bd3 Qe6 16. Qc2 Qd7 17. Bf4 Bc7 18. Rad1 Ng6 19. Bg3 d5 20. Nc5 Qd8 21. Bxg6 hxg6 22. Bh4 Bxh2+ 23. Kh1 Qd6 24. Ne4 Qa3 25. Rxd5 Bc7 26. Qd2 Be6 27. Nf6+ Kh8 28. Rxe6 fxe6 29. Rd7 Rad8 30. Qh6+ 1-0

[Event "Bello Horizonte Centenario op"]
[Site "Bello Horizonte"]
[Date "1997.??.??"]
[Round "7"]
[White "Dumont, Sadi Glasser"]
[Black "Cardoso, Carlos Alberto"]
[Result "1/2-1/2"]
[WhiteElo "2290"]
[BlackElo "2195"]
[PlyCount "43"]
[EventDate "1997.??.??"]
[Source "www.chesslib.no"]
[SourceDate "2004.05.04"]

1. e4 e5 2. Nf3 Nc6 3. Bc4 Bc5 4. b4 Bxb4 5. c3 Ba5 6. d4 Qe7 7. O-O Bb6 8. Ba3 d6 9. dxe5 Nxe5 10. Nxe5 Qxe5 11. Nd2 Nf6 12. Nf3 Qxc3 13. Bb3 O-O 14. e5 Ne8 15. Rc1 Qa5 16. Bb2 Bg4 17. Rc4 Bxf3 18. Qxf3 dxe5 19. Bc3 Qb5 20. Rd1 Bd4 21. Rcxd4 exd4 22. Rxd4 1/2-1/2

[Event "SWE-chB2"]
[Site "Linkoping"]
[Date "1996.??.??"]
[Round "?"]
[White "Carlsson, Ingvar"]
[Black "Eriksson, Mats"]
[Result "0-1"]
[WhiteElo "2260"]
[BlackElo "2225"]
[PlyCount "54"]
[EventDate "1996.??.??"]
[Source "www.chesslib.no"]
[SourceDate "2004.05.04"]

1. e4 e5 2. Nf3 Nc6 3. Bc4 Bc5 4. b4 Bxb4 5. c3 Ba5 6. d4 exd4 7. O-O Nge7 8. cxd4 d5 9. exd5 Nxd5 10. Qb3 Be6 11. Ba3 Qd7 12. Rc1 O-O-O 13. Bb5 Nc3 14. Bxc6 Ne2+ 15. Kh1 Qxc6 16. Rxc6 Bxb3 17. Rc5 Nxd4 18. Rxa5 Nxf3 19. gxf3 Rd1+ 20. Kg2 Bc2 21. Rb5 Re8 22. Rb2 Bf5 23. Bb4 Re6 24. f4 Rg6+ 25. Kf3 Bg4+ 26. Kg2 Be2+ 27. Kh3 Rdg1 0-1

[Event "Aktiv Alliancen op"]
[Site "Taastrup"]
[Date "1999.02.10"]
[Round "5"]
[White "Pedersen, Jan"]
[Black "Petersen, Steen"]
[Result "1-0"]
[WhiteElo "2335"]
[BlackElo "2146"]
[PlyCount "49"]
[EventDate "1999.02.??"]
[Source "www.chesslib.no"]
[SourceDate "2004.05.04"]

1. e4 e5 2. Nf3 Nc6 3. Bc4 Bc5 4. b4 Bxb4 5. c3 Ba5 6. d4 exd4 7. O-O d6 8. Qb3 Qe7 9. e5 dxe5 10. Ba3 Qf6 11. cxd4 exd4 12. Nbd2 Bxd2 13. Nxd2 Nge7 14. Rae1 O-O 15. Qg3 Be6 16. Bxe6 fxe6 17. Qxc7 Rf7 18. Qxb7 Raf8 19. Ne4 Qh4 20. g3 Qh5 21. Bxe7 Nxe7 22. Nd6 Qf3 23. Rb1 Qxb7 24. Rxb7 Nc8 25. Nxf7 1-0

[Event "Barcelone Open"]
[Site "?"]
[Date "2003.12.23"]
[Round "5"]
[White "Barrientos Chavarriaga Sergio"]
[Black "Farran Martos Francesco Xavie"]
[Result "0-1"]
[WhiteElo "2377"]
[BlackElo "2092"]
[PlyCount "46"]
[EventDate "2003.??.??"]
[Source "www.chesslib.no"]
[SourceDate "2004.05.04"]

1. e4 e5 2. Nf3 Nc6 3. Bc4 Bc5 4. b4 Bxb4 5. c3 Ba5 6. d4 exd4 7. O-O Nf6 8. Ba3 Ne7 9. e5 Ne4 10. Qxd4 d5 11. exd6 Nxd6 12. Qxg7 Rg8 13. Qxh7 Bf5 14. Qh4 Nxc4 15. Bxe7 Qxe7 16. Qxc4 O-O-O 17. Rc1 Be4 18. Nbd2 Rxd2 19. Re1 Rxg2+ 20. Kxg2 Bxf3+ 21. Kxf3 Qf6+ 22. Kg4 Rxf2 23. Qd5 Rf4+ 0-1

[Event "Finkenstein Open"]
[Site "Finkenstein"]
[Date "1995.??.??"]
[Round "5"]
[White "Stilliger, Bernhard"]
[Black "Kuba, Guenter"]
[Result "1-0"]
[WhiteElo "2310"]
[BlackElo "2150"]
[PlyCount "129"]
[EventDate "1995.??.??"]
[Source "www.chesslib.no"]
[SourceDate "2004.05.04"]

1. e4 e5 2. Nf3 Nc6 3. Bc4 Bc5 4. b4 Bxb4 5. c3 Ba5 6. d4 exd4 7. O-O Nge7 8. Ng5 Ne5 9. Bxf7+ Nxf7 10. Nxf7 Kxf7 11. Qh5+ g6 12. Qxa5 d6 13. cxd4 Nc6 14. Qc3 d5 15. Nd2 Re8 16. e5 Kg8 17. Nf3 Bf5 18. Bg5 Qd7 19. Bf6 Nd8 20. Qd2 Nf7 21. Ng5 Rac8 22. Nxf7 Qxf7 23. h3 Qd7 24. g4 Bxg4 25. hxg4 Qxg4+ 26. Kh2 Kf7 27. Rac1 c6 28. Qh6 Ke6 29. Rc3 Rc7 30. Rg3 Qf5 31. Rg5 Qf3 32. Rg3 Qf5 33. Qe3 Kd7 34. Rg5 Qe6 35. Qd3 b6 36. f4 Kc8 37. Rc1 Kb7 38. Rg2 Rec8 39. Rgc2 Qg4 40. Qg3 Qf5 41. Qf3 Re8 42. Rg2 Rec8 43. Kg1 Re8 44. Kf2 Ka8 45. Rg3 Kb7 46. Rg5 Qe6 47. f5 gxf5 48. Qxf5 Qxf5+ 49. Rxf5 c5 50. Rg5 c4 51. Ke3 b5 52. Rcg1 Re6 53. Rg7 Rec6 54. Be7 a5 55. a3 Rh6 56. Bc5 Rxg7 57. Rxg7+ Kc6 58. Rg2 Kd7 59. Kf4 Rh4+ 60. Kf5 Re4 61. e6+ Kc6 62. e7 Kd7 63. Rg8 Rxe7 64. Bxe7 Kxe7 65. Rb8 1-0

[Event "Valoz Cup"]
[Site "?"]
[Date "2004.07.06"]
[Round "4"]
[White "Kuba Jindrich"]
[Black "Malinovsky Karel"]
[Result "0-1"]
[WhiteElo "2194"]
[BlackElo "2231"]
[PlyCount "56"]
[EventDate "2004.??.??"]
[Source "www.chesslib.no"]
[SourceDate "2004.05.04"]

1. e4 e5 2. Nf3 Nc6 3. Bc4 Bc5 4. b4 Bxb4 5. c3 Ba5 6. d4 exd4 7. O-O Nf6 8. e5 d5 9. exf6 dxc4 10. fxg7 Rg8 11. Re1+ Be6 12. Bg5 Qd5 13. Bf6 Qf5 14. Bh4 Rxg7 15. Nxd4 Nxd4 16. Qxd4 Qg4 17. Qxg4 Rxg4 18. Bf6 Rg6 19. Bh4 c6 20. Re2 Kf8 21. f3 Bd5 22. Kf1 Re8 23. Rxe8+ Kxe8 24. Be1 Be6 25. g4 Bd5 26. Na3 Rf6 27. Rc1 Rxf3+ 28. Ke2 Rd3 0-1

[Event "otb"]
[Site "otb"]
[Date "2007.05.22"]
[Round "2"]
[White "Ravic Nenad"]
[Black "Nikolic Goran"]
[Result "0-1"]
[WhiteElo "2140"]
[BlackElo "2284"]
[PlyCount "84"]
[Source "www.chesslib.no"]
[SourceDate "2004.05.04"]

1. e4 e5 2. Nf3 Nc6 3. Bc4 Bc5 4. b4 Bxb4 5. c3 Ba5 6. d4 Qf6 7. O-O h6 8. dxe5 Nxe5 9. Nxe5 Qxe5 10. Qb3 Qh5 11. Ba3 Nf6 12. e5 Ne4 13. Bd3 Ng5 14. Nd2 Bb6 15. Nc4 Ne6 16. Nxb6 axb6 17. f4 Nc5 18. Bxc5 bxc5 19. Qc4 b6 20. Rf3 Bb7 21. Rg3 Bc6 22. Rxg7 Ra4 23. Qb3 Rxf4 24. Re1 Kf8 25. Rg3 Qh4 26. Rf1 Rxf1+ 27. Bxf1 Qf4 28. Qc2 Qxe5 29. Qd2 Qf6 30. Bc4 Rg8 31. Rxg8+ Kxg8 32. h3 Kg7 33. Bb3 Qg5 34. Qf2 d5 35. Bc2 Qe5 36. Qh4 d4 37. c4 Qg5 38. Qf2 Qe3 39. Qxe3 dxe3 40. a3 Kf6 41. Kf1 Ke5 42. Ke2 Kd4 0-1

[Event "It (b)"]
[Site "Dubna (Russia)"]
[Date "2007.08.03"]
[Round "3"]
[White "Neverov I"]
[Black "Bezgodova-Filichkina Svetlana"]
[Result "0-1"]
[WhiteElo "2146"]
[BlackElo "2266"]
[PlyCount "48"]
[EventDate "2007.??.??"]
[Source "www.chesslib.no"]
[SourceDate "2004.05.04"]

1. e4 e5 2. Nf3 Nc6 3. Bc4 Bc5 4. b4 Bxb4 5. c3 Ba5 6. Qb3 Qe7 7. O-O Bb6 8. d4 Na5 9. Qa4 Nxc4 10. Qxc4 d6 11. dxe5 dxe5 12. Ba3 Qe6 13. Qb5+ Bd7 14. Qxe5 Qxe5 15. Nxe5 Be6 16. Nd2 Nf6 17. Nec4 Nxe4 18. Nxb6 axb6 19. Nxe4 Rxa3 20. Rfe1 h6 21. f4 O-O 22. Ng3 Rxc3 23. f5 Bd5 24. Re2 Ra8 0-1

[Event "MSS-ch"]
[Site "CZE"]
[Date "1997.??.??"]
[Round "?"]
[White "Kubala, Petr"]
[Black "Smistik, Milan"]
[Result "1-0"]
[WhiteElo "2305"]
[BlackElo "2105"]
[PlyCount "91"]
[EventDate "1997.??.??"]
[Source "www.chesslib.no"]
[SourceDate "2004.05.04"]

1. e4 e5 2. Nf3 Nc6 3. Bc4 Bc5 4. b4 Bxb4 5. c3 Ba5 6. d4 exd4 7. O-O Bb6 8. cxd4 Na5 9. Bd3 d6 10. Bb2 Bg4 11. Nbd2 Ne7 12. d5 f6 13. Qc2 Qd7 14. Nd4 Bxd4 15. Bxd4 c5 16. Bc3 b6 17. h3 Bh5 18. Rab1 O-O 19. Bxa5 bxa5 20. Rb5 Rab8 21. Rfb1 Qc7 22. Qb3 Rxb5 23. Qxb5 Nc8 24. Nc4 Be8 25. Qa6 Rf7 26. Be2 Re7 27. f3 h6 28. Kf2 Kh7 29. Bd3 Kg8 30. Rb2 Kf8 31. g4 Kg8 32. Nxa5 Nb6 33. Bb5 Bxb5 34. Qxb5 Rd7 35. Nc6 Nc8 36. a4 Ne7 37. Qa6 Kf7 38. a5 Kg6 39. Ke3 Nc8 40. Rb8 Ne7 41. Rb1 Kf7 42. Nb8 Rd8 43. Rb7 Qxb8 44. Rxb8 Rxb8 45. Qxd6 Rb3+ 46. Kd2 1-0

[Event "Corr"]
[Site "?"]
[Date "2002.04.23"]
[Round "?"]
[White "Morin Stéphane"]
[Black "Corbat Philippe"]
[Result "1-0"]
[WhiteElo "2348"]
[BlackElo "2051"]
[PlyCount "91"]
[EventDate "2002.??.??"]
[Source "www.chesslib.no"]
[SourceDate "2004.05.04"]

1. e4 e5 2. Nf3 Nc6 3. Bc4 Bc5 4. b4 Bxb4 5. c3 Ba5 6. d4 exd4 7. O-O Nge7 8. Ng5 d5 9. exd5 Ne5 10. Qxd4 f6 11. Re1 Bb6 12. Qh4 N5g6 13. Qh5 fxg5 14. Bxg5 Bxf2+ 15. Kxf2 O-O+ 16. Kg1 Qd6 17. Bxe7 Nxe7 18. Nd2 Qc5+ 19. Kh1 Nf5 20. Bb3 Nd6 21. Ne4 Nxe4 22. Rxe4 Bf5 23. Rc4 Qf2 24. Qf3 Qxf3 25. gxf3 Rf7 26. d6 Kf8 27. dxc7 Rc8 28. Rf4 Rcxc7 29. Bxf7 Rxf7 30. Re1 g6 31. c4 Bh3 32. Rxf7+ Kxf7 33. c5 Be6 34. Kg2 Bxa2 35. Ra1 Bd5 36. Rxa7 Ke6 37. Ra1 Ke5 38. Rd1 g5 39. Kf2 h6 40. Ke3 h5 41. Rg1 Kf5 42. h4 gxh4 43. Rh1 Bc6 44. Rxh4 Kg5 45. Rd4 Kf5 46. Rd8 1-0

[Event "Corr"]
[Site "?"]
[Date "2002.06.29"]
[Round "?"]
[White "Horak Jiri"]
[Black "Marcotulli Giancarlo"]
[Result "1/2-1/2"]
[WhiteElo "2233"]
[BlackElo "2163"]
[PlyCount "39"]
[EventDate "2002.??.??"]
[Source "www.chesslib.no"]
[SourceDate "2004.05.04"]

1. e4 e5 2. Nf3 Nc6 3. Bc4 Bc5 4. b4 Bxb4 5. c3 Ba5 6. d4 exd4 7. O-O Nge7 8. cxd4 d5 9. exd5 Nxd5 10. Ba3 Be6 11. Bb5 f6 12. Qa4 Bb6 13. Re1 Qd7 14. Nbd2 Kf7 15. Rac1 Rad8 16. Nc4 Qc8 17. Bxc6 bxc6 18. Qxc6 Rhe8 19. h3 Qa8 20. Rxe6 1/2-1/2

[Event "WYg18"]
[Site "?"]
[Date "2004.11.07"]
[Round "5"]
[White "Muhren Bianca"]
[Black "Franco Alonso Alejandro"]
[Result "0-1"]
[WhiteElo "2343"]
[BlackElo "2046"]
[PlyCount "110"]
[EventDate "2004.??.??"]
[Source "www.chesslib.no"]
[SourceDate "2004.05.04"]

1. e4 e5 2. Nf3 Nc6 3. Bc4 Bc5 4. b4 Bxb4 5. c3 Ba5 6. d4 exd4 7. O-O d6 8. cxd4 Bd7 9. e5 Nge7 10. Bg5 h6 11. Bh4 g5 12. exd6 gxh4 13. dxe7 Qxe7 14. d5 Ne5 15. d6 cxd6 16. Nxe5 Qxe5 17. Nd2 O-O-O 18. Nf3 Qf4 19. Bd5 h3 20. g3 Rhg8 21. Kh1 Qf6 22. Rb1 Bb6 23. a4 Bc6 24. Bxc6 bxc6 25. Qb3 Qe6 26. Qc3 Qd5 27. Rbc1 Bc5 28. a5 Rge8 29. Rcd1 Bb4 30. Qf6 Qe6 31. Qxe6+ fxe6 32. a6 Kc7 33. Nd4 Rb8 34. f4 c5 35. Nf3 Rb6 36. Ra1 Bc3 37. Rac1 Bf6 38. Ng1 Reb8 39. Nxh3 Rxa6 40. Kg2 Ra3 41. Nf2 Kc6 42. Ne4 Bd4 43. Rc2 Re3 44. Nf2 a5 45. Ng4 Reb3 46. Nxh6 Rb2 47. Rxb2 Rxb2+ 48. Kh3 a4 49. f5 exf5 50. Nxf5 a3 51. Nxd4+ cxd4 52. Kg4 a2 53. Ra1 d3 54. Kf3 d2 55. Ke2 Rb1 0-1

[Event "AUT-chT2O 9899"]
[Site "Austria"]
[Date "1999.??.??"]
[Round "6"]
[White "Wadsack, Winfried"]
[Black "Kuba, Guenter"]
[Result "0-1"]
[WhiteElo "2130"]
[BlackElo "2235"]
[PlyCount "88"]
[EventDate "1998.10.??"]
[Source "www.chesslib.no"]
[SourceDate "2004.05.04"]

1. e4 e5 2. Nf3 Nc6 3. Bc4 Bc5 4. b4 Bxb4 5. c3 Ba5 6. d4 exd4 7. O-O d6 8. Qb3 Qd7 9. cxd4 Bb6 10. Bb5 a6 11. Ba4 Kf8 12. Qd1 Qd8 13. h3 Nge7 14. Ba3 Kg8 15. Re1 h6 16. Bb3 Ng6 17. Bb2 Nce7 18. Nbd2 c6 19. Qc2 d5 20. Rad1 Be6 21. exd5 cxd5 22. Qd3 Bf5 23. Qe2 Kh7 24. g4 Be6 25. Bc2 Rc8 26. Nb3 Re8 27. Ne5 Kg8 28. Qd3 f5 29. Nxg6 Nxg6 30. Bc1 Nh4 31. Re3 g6 32. Rde1 Qf6 33. Bb2 f4 34. Re5 Rxc2 35. Qxc2 Nf3+ 36. Kf1 Nxe1 37. Rxe1 Rc8 38. Qe2 Bd7 39. Nc5 Bb5 40. Nd3 f3 41. Qe3 Ba5 42. Rd1 Re8 43. Qc1 Qh4 44. Kg1 Bxd3 0-1